Thailand, another Vietnam
Đã lưu trong:
| Hovedforfatter: | |
|---|---|
| Format: | Bog |
| Sprog: | Undetermined |
| Udgivet: |
New York
Scribner
1968
|
| Fag: | |
| Tags: |
Tilføj Tag
Ingen Tags, Vær først til at tagge denne postø!
|
| Thư viện lưu trữ: | Trung tâm Học liệu Trường Đại học Cần Thơ |
|---|
| LEADER | 00524nam a2200193Ia 4500 | ||
|---|---|---|---|
| 001 | CTU_93051 | ||
| 008 | 210402s9999 xx 000 0 und d | ||
| 082 | |a 320.9593 | ||
| 082 | |b W819 | ||
| 100 | |a Witt, Daniel | ||
| 245 | 0 | |a Thailand, another Vietnam | |
| 245 | 0 | |c Daniel Witt | |
| 260 | |a New York | ||
| 260 | |b Scribner | ||
| 260 | |c 1968 | ||
| 650 | |a Thailand,Thailand | ||
| 650 | |x Politics and government,Social conditions | ||
| 904 | |i Nguyên, QHieu | ||
| 980 | |a Trung tâm Học liệu Trường Đại học Cần Thơ | ||